00796 2200277 4500001002100000005001700021008004100038020001800079035002400097082001300121090002000134100002000154245009300174250001000267260004100277300002500318500004000343650003600383700001700419700002200436850001300458980001300471985000600484986001300490999001500503YOGYA-0209000001990820090227023033.0 ind  a979-421-875-x 0010-020900000019908 a614.5912 a614.5912bMcG M aMC GWAN, Mary P aMenjaga kebugaran jantungcP. Mc Gwan; penerjemah, Patuan Raja, Sugeng Hariyanto, Sukono aCet.1 aJakartabRaja Grafindo Persadac2001 axxii, 281 hlmc21 cm aJudul asli : Heart fitness for life aJantung - Penyakit - Pencegahan aRaja, Patuan aHariyanto, Sugeng aYOPDYOGB a27/04/06 a1 aPKL-UGMM a03P0002358